LEADER 00949nam a2200241 i 4500 001 000000154300 003 CaOOAMICUS 005 20061013000000.0 008 061013s1965 it u000 u ita u 013 $a131646 040 $aSeMil$bita 100 1 $aHoag, John D.$0(OLS)http://semarc/name/18609 245 12$aL'architettura araba /$cJohn D. Hoag. 260 $aMilano :$bRizzoli,$ccopyr. 1965. 300 $a140 p. :$briccamente ill. ;$c26 cm. 490 0 $aLe grandi civiltā architettoniche 500 $aContiene : Bibliografia. 650 4$aArchitettura moderna.$0(OLS)http://semarc/subject/7889 830 3$aLe grandi civiltā architettoniche [Rizzoli].$0(OLS)http://semarc/title/15665 850 $aSeMil 852 $aSeMil$W1$xVenegono$y1$m5R VII 25$j106160$B106160$CSeMilBibl$Z2$F115359 $81 996 $6245$aL'architettura araba$9(OLS)http://semarc/title/225823 996 $6260$aMilano :$bRizzoli$9(OLS)http://semarc/publisher/29824 LEADER 01065nam a2200253 4500 001 000000332141 003 CaOOAMICUS 005 20190123145616.0 008 190118s1997 gw 000 u ger r 020 $a3-525-61330-X 040 $aSeMil$bita 245 10$aReligionspädagogisches Kompendium /$cGottfried Adam ; Rainer Lachmann (Hg.) 250 $a5. neubearbeitete Aufl. 264 1$aGöttingen :$bVandenhoeck & Ruprecht,$c1997. 300 $a491 p. ;$c21 cm 650 4$aPedagogia religiosa - Manuali.$0(OLS)http://semarc/subject/38786 700 1 $aAdam, Gottfried.$0(OLS)http://semarc/name/108801 700 1 $aLachmann, Rainer.$0(OLS)http://semarc/name/108802 850 $aSeMil 852 $aSeMil$W1$xVenegono$y1$m2Q I 138$j210693$B224003$CSeMilBibl$Z2$F224003 $81 996 $6020$a3-525-61330-X$9(OLS)http://semarc/number/286270 996 $6245$aReligionspädagogisches Kompendium$9(OLS)http://semarc/title/420868 996 $6264$aGöttingen :$bVandenhoeck & Ruprecht$9(OLS)http://semarc/publisher/29697